| 000 | 00947nam2a22002411 4500 | ||
|---|---|---|---|
| 001 | RU\NLR\INFOCOMM17\1000385759 | ||
| 005 | 20250617163839.0 | ||
| 035 | _a(NLR Aleph) 002786739 | ||
| 090 |
_a2455142 _c2455142 |
||
| 100 | _a20040204d1971 |||y0rusy50 ca | ||
| 101 | 0 | _arus | |
| 102 | _aRU | ||
| 105 | _ay ||||||||| | ||
| 200 | 1 | _aПолупроводниковые материалы и их применение | |
| 210 |
_d1971 _aБ. м. |
||
| 461 | 0 |
_1001RU\NLR\INFOCOMM17\1000385646 _12001#$aТруды Воронежского государственного университета$vТ.74 _92454381 _aВоронежский университет _cВоронеж _d1925-1971 _tТруды Воронежского государственного университета _vТ.74 |
|
| 801 | 1 |
_aRU _bInfoComm _c20040204 |
|
| 801 | 0 |
_aRU _bNLR _gPSBO |
|
| 852 |
_aNLR _jП1/68 |
||
| 942 | _cISSUE | ||
| 980 | _aNB | ||
| 980 | _aRUSPER | ||